[Event "Enniscrone Sligo op-B"]
[Site "Enniscrone"]
[Date "2025.02.02"]
[Round "5"]
[White "Mcgrady, Seth"]
[Black "Bagur Bosch, Maria"]
[Result "0-1"]
[WhiteElo "1602"]
[BlackElo "1786"]
[PlyCount "60"]
[EventDate "2025.01.31"]
[EventType "swiss"]
[EventRounds "5"]
[EventCountry "IRL"]
[SourceTitle "CB06_2025"]
[SourceDate "2025.02.05"]
[SourceVersion "1"]
[SourceVersionDate "2025.02.05"]
[SourceQuality "1"]

1. c4 c5 2. Nc3 Nc6 3. g3 g6 4. Bg2 Bg7 5. e3 Nf6 6. Nge2 0-0 7. d4 cxd4 8. exd4 d6 9. 0-0 Bf5 10. a3 Qd7 11. Be3 Rac8 12. b4 Ng4 13. Qd2 Nxe3 14. Qxe3 e5 15. Bxc6 Qxc6 16. Nd5 Rfe8 17. Rac1 b5 18. Qg5 Bh3 19. Rfd1 bxc4 20. dxe5 Rxe5 21. Qxe5 Bxe5 22. Ne7+ Kf8 23. Nxc6 Rxc6 24. b5 Rc5 25. f4 Bb2 26. Rc2 c3 27. Nxc3 Bxc3 28. Rdc1 Bd4+ 29. Kh1 Bf5 30. Rxc5 Be4# 0-1